<?xml version="1.0" encoding="UTF-8"?>
<record
    xmlns:xsi="http://www.w3.org/2001/XMLSchema-instance"
    xsi:schemaLocation="http://www.loc.gov/MARC21/slim http://www.loc.gov/standards/marcxml/schema/MARC21slim.xsd"
    xmlns="http://www.loc.gov/MARC21/slim">

  <leader>01097nam a2200229 a 4500</leader>
  <controlfield tag="001">000035125</controlfield>
  <controlfield tag="005">20200930074124.0</controlfield>
  <controlfield tag="008">111025s1896    sp            000 0 spa d</controlfield>
  <datafield tag="040" ind1=" " ind2=" ">
    <subfield code="a">DO-SdBNP</subfield>
    <subfield code="b">spa</subfield>
    <subfield code="c">BNPHU</subfield>
  </datafield>
  <datafield tag="082" ind1=" " ind2=" ">
    <subfield code="a">xxxx</subfield>
    <subfield code="b">L333r</subfield>
  </datafield>
  <datafield tag="100" ind1="1" ind2=" ">
    <subfield code="a">Larra y Ossorio, Luis de,</subfield>
    <subfield code="d">[1862-1914]</subfield>
    <subfield code="9">60809</subfield>
  </datafield>
  <datafield tag="245" ind1="1" ind2="3">
    <subfield code="a">La rueda de la fortuna &#xF3; este mundo es un fandango :</subfield>
    <subfield code="b">sainete filos&#xF3;fico-social en un acto y cuatro cuadros escrito en prosa /</subfield>
    <subfield code="c">Luis de Larra, Mauricio Gull&#xF3;n ; m&#xFA;sica Manuel F. Cabello, Mariano Hermoso.</subfield>
  </datafield>
  <datafield tag="260" ind1=" " ind2=" ">
    <subfield code="a">Madrid :</subfield>
    <subfield code="b">R. Velasco,</subfield>
    <subfield code="c">1896.</subfield>
  </datafield>
  <datafield tag="300" ind1=" " ind2=" ">
    <subfield code="a">48mp. ;</subfield>
    <subfield code="c">20 cm.</subfield>
  </datafield>
  <datafield tag="490" ind1="1" ind2=" ">
    <subfield code="a">El Teatro, colecci&#xF3;n de obras dram&#xE1;ticas y l&#xED;ricas</subfield>
  </datafield>
  <datafield tag="500" ind1=" " ind2=" ">
    <subfield code="a">Estrenado con extraordinario &#xE9;xito en el Teatro de la Zarzuela, de Madrid la noche del 17 de enero de 1896.</subfield>
  </datafield>
  <datafield tag="700" ind1="1" ind2="2">
    <subfield code="a">Gull&#xF3;n, Mauricio</subfield>
    <subfield code="9">60810</subfield>
  </datafield>
  <datafield tag="700" ind1="1" ind2="2">
    <subfield code="a">Fern&#xE1;ndez Caballero, Manuel,</subfield>
    <subfield code="d">[d1835-1906],</subfield>
    <subfield code="e">m&#xFA;s.</subfield>
    <subfield code="9">60811</subfield>
  </datafield>
  <datafield tag="700" ind1="1" ind2="2">
    <subfield code="a">Hermoso, Mariano,</subfield>
    <subfield code="d">[1859-1923],</subfield>
    <subfield code="e">m&#xFA;s.</subfield>
    <subfield code="9">60812</subfield>
  </datafield>
  <datafield tag="700" ind1="1" ind2="2">
    <subfield code="a">Muriel y L&#xF3;pez, Luis,</subfield>
    <subfield code="d">[d1855-1919]</subfield>
    <subfield code="9">60813</subfield>
  </datafield>
  <datafield tag="830" ind1=" " ind2="3">
    <subfield code="a">El Teatro, colecci&#xF3;n de obras dram&#xE1;ticas y l&#xED;ricas</subfield>
    <subfield code="9">60814</subfield>
  </datafield>
  <datafield tag="952" ind1=" " ind2=" ">
    <subfield code="0">0</subfield>
    <subfield code="1">0</subfield>
    <subfield code="5">0</subfield>
    <subfield code="7">1</subfield>
    <subfield code="8">MO</subfield>
    <subfield code="a">GR</subfield>
    <subfield code="b">GR</subfield>
    <subfield code="c">CT</subfield>
    <subfield code="d">2011-10-25</subfield>
    <subfield code="i">LF1</subfield>
    <subfield code="l">0</subfield>
    <subfield code="o">xxxx L333r</subfield>
    <subfield code="p">35125-10</subfield>
    <subfield code="r">2020-06-25</subfield>
    <subfield code="w">2020-06-25</subfield>
    <subfield code="y">1</subfield>
    <subfield code="Z">No se presta</subfield>
  </datafield>
  <datafield tag="999" ind1=" " ind2=" ">
    <subfield code="c">34616</subfield>
    <subfield code="d">34616</subfield>
  </datafield>
</record>
